00874 a2200193 45000010006000000050017000060080041000230030015000640400040000790800048001192450068001670200022002352640033002573000019002905050239003090410008005481000029005568560095005854109420260407155704.0260407a2008 arg spa dAR-UNSa-BCEJYS aAR-UNSa-BCEJYSbspacAR-UNSa-BCEJYS a347.44xContratos en general. Obligaciones 10aDerecho de los contratosptécnica de la contratación actual a978-950-894-689-8 1aBuenos Aires :bAD-HOCc2008 a959 p.c23 cm. aParte General - Parte Especial: 1. Contratos electrónicos - 2. Fideicomiso - 3. Contratos societarios y asociativos - 4. Contratos para la obtención de financiamiento - 5. Canales de comercialización - 6. Contratos inmobiliarios aspa1 aPérez Hualde, Fernando41uhttps://biblioeco.unsa.edu.ar/pmb/images/libros/L126362.jpgyImagen de portadaqimage/jpeg